000 00539nam a22001937a 4500
003 NUST - PNEC
005 20170116181030.0
008 150919b xxu||||| |||| 00| 0 eng d
020 _a8178086093
020 _a020154413X
040 _cLIBRARY
082 _a621.382 IFE
100 _911024
_a Ifeachor, Emmanuel C
245 _aDigital signal processing :
_ba practical approach
_cEmmanuel C Ifeachor
250 _a2nd ed.
260 _cc 2002
650 _98719
_aSignal processing--Digital techniques
_xMIS, EE
942 _2ddc
_cBK
999 _c67699
_d67699